000 00298nam a2200109Ia 4500
008 190907s9999||||xx |||||||||||||| ||und||
100 _aMorris, Slattery
245 0 _aSalaris Implementation a Guide for System Adminintration
260 _aNew York
_bPrentice Hall
_c1995
300 _a345
942 _cBK
999 _c6303
_d6303